000 01154nam a2200217Ia 4500
003 Ost
005 20260507075009.0
008 260507s9999||||xx |||||||||||||| ||und||
020 _a9957121448
040 _cfsecg
041 _aara
082 _a658.81
100 _aالصميدعي، محمود جاسم
_eمؤلف
245 0 _aإدارة التوزيع :
_bمنظور متكامل /
_c محمود جاسم الصميدعي
260 _aعمان:
_bدار اليازوري العلمية للنشر و التوزيع,
_c2008
300 _a441 صفحة؛
_c24 سم
520 _aيحتوي الكتاب على المحاور التالية: التوزيع(المفهوم و الأبعاد)،قنوات التوزيع(النشأة و التطور)، تصميم قنوات التوزيع،إدارة قنوات التوزيع،أنظمة و إستراتيجيات التوزيع،الوسطاء،التوزيع المادي،سلسلة التوريد و نظام الإمداد التسويقي،بعض الأساليب الكمية في حل مشاكل التوزيع.
653 _aالبيع
653 _aالتسويق
942 _cكتاب
999 _c42145
_d42145